MARC details
| 000 -LEADER |
| fixed length control field |
00294nam a22000977a 4500 |
| 005 - DATE AND TIME OF LATEST TRANSACTION |
| control field |
20250901165421.0 |
| 008 - FIXED-LENGTH DATA ELEMENTS--GENERAL INFORMATION |
| fixed length control field |
210326b ||||| |||| 00| 0 eng d |
| 050 ## - LIBRARY OF CONGRESS CALL NUMBER |
| Classification number |
HD82 .H45 1963 |
| 245 ## - TITLE STATEMENT |
| Title |
The great ascent |
| Remainder of title |
the struggle for economic development in our time |
| Statement of responsibility, etc. |
HEILBRONER, ROBERT L. |
| 942 ## - ADDED ENTRY ELEMENTS (KOHA) |
| Source of classification or shelving scheme |
Library of Congress Classification |